|
|
|
|
| LEADER |
00000cam a2200000 7i4500 |
| 001 |
0000013972 |
| 005 |
20080220.0 |
| 008 |
080214 |
| 020 |
|
|
|a 9834013973
|
| 090 |
0 |
0 |
|a 320.9595
|b RUH
|
| 100 |
0 |
|
|a Ruhanie Ahmad
|
| 245 |
1 |
0 |
|a Mahathir menyinga :
|b Jambatan Indah batal Singapura terkejut rakyat Malaysia bingung
|c Ruhanie Ahmad
|
| 260 |
|
|
|a Selangor :
|b Masterpiece Publication ,
|c 2006
|
| 650 |
|
0 |
|a Malaysia
|x Poitics and government
|
| 651 |
|
0 |
|a Malaysia
|x Relations
|z Singapore
|
| 999 |
|
|
|a 0000108618
|b Book
|c Adult Collection
|e Cawangan Tangkak
|
| 999 |
|
|
|a 0001010137
|b Book
|c Adult Collection
|e Perbadanan Perpustakaan Awam Johor
|
| 999 |
|
|
|a 0001010138
|b Book
|c Adult Collection
|e Perbadanan Perpustakaan Awam Johor
|
| 999 |
|
|
|a 0001010139
|b Book
|c Adult Collection
|e Perbadanan Perpustakaan Awam Johor
|
| 999 |
|
|
|a 0001010140
|b Book
|c Adult Collection
|e Perbadanan Perpustakaan Awam Johor
|
| 999 |
|
|
|a 0001010141
|b Book
|c Adult Collection
|e Perbadanan Perpustakaan Awam Johor
|
| 999 |
|
|
|a 0001086187
|b Book
|c Adult Collection
|e Cawangan Bukit Gambir
|
| 999 |
|
|
|a 0001086189
|b Book
|c Adult Collection
|e Cawangan Muar
|
| 999 |
|
|
|a 0001086193
|b Book
|c Adult Collection
|e Cawangan Bandar Tenggara
|
| 999 |
|
|
|a 0001086197
|b Book
|c Adult Collection
|e Cawangan Bandar Penawar
|
| 999 |
|
|
|a 0001143905
|b Book
|c Adult Collection
|e Cawangan Segamat
|